[Event "SLO-chT1 West"]
[Site "Slovenia"]
[Date "2016.11.27"]
[Round "6"]
[White "Rusjan, Miran"]
[Black "Orehek, Spela"]
[Result "1-0"]
[WhiteElo "2242"]
[BlackElo "2092"]
[PlyCount "131"]
[EventDate "2016.11.11"]
[EventType "team-tourn"]
[EventRounds "9"]
[EventCountry "SLO"]
[SourceTitle "EXT 2018"]
[Source "ChessBase"]
[SourceDate "2017.10.13"]
[SourceVersion "1"]
[SourceVersionDate "2017.10.13"]
[SourceQuality "1"]
[WhiteTeam "Nova Gorica"]
[BlackTeam "Domzale"]
[WhiteTeamCountry "SLO"]
[BlackTeamCountry "SLO"]

1. d4 d6 2. c4 e5 3. dxe5 dxe5 4. Qxd8+ Kxd8 5. Nc3 Be6 6. b3 Nd7 7. g3 c6 8. Bh3 Bxh3 9. Nxh3 f6 10. 0-0 Kc7 11. f4 Bc5+ 12. Kg2 Ne7 13. Ne4 Bd4 14. Rb1 a5 15. fxe5 Bxe5 16. Nf4 Nf8 17. Nd3 Neg6 18. Nxe5 Nxe5 19. Ba3 Rd8 20. Rbd1 Nfg6 21. Bd6+ Kc8 22. c5 Rhe8 23. Rd4 Ng4 24. Kh3 Ne3 25. Rf3 Nd5 26. Nd2 Rxe2 27. Nc4 b6 28. cxb6 Rxa2 29. Bc5 Kb8 30. Bd6+ Kb7 31. Bc7 Rd7 32. Nd6+ Rxd6 33. Bxd6 Kxb6 34. Rc4 Rd2 35. Rf1 Rb2 36. Rfc1 Nge7 37. Re4 Nc8 38. Rec4 Nce7 39. Re4 Nc8 40. Rec4 Nce7 41. Bc5+ Kb5 42. Re4 Nc8 43. Bg1 Nb4 44. Re8 Nb6 45. Rb8 N4d5 46. Rc5+ Ka6 47. Rxc6 Rxb3 48. Rd8 Kb7 49. Rcd6 Rb5 50. Rg8 Kc7 51. Re6 Kd7 52. Re1 g5 53. Rg7+ Kd6 54. Rxh7 a4 55. Ra7 Rb3 56. Rd1 Kc6 57. Rc1+ Rc3 58. Rf1 a3 59. Bd4 Rd3 60. Rc1+ Kd6 61. Bc5+ Ke5 62. Bxa3 f5 63. Re1+ Kf6 64. Bb2+ Nc3 65. Ra6 g4+ 66. Kh4 1-0

[Event "SLO-chT 24th"]
[Site "Slovenia"]
[Date "2014.12.14"]
[Round "9.1"]
[White "Rusjan, Miran"]
[Black "Brumen, Dinko"]
[Result "1/2-1/2"]
[WhiteElo "2237"]
[BlackElo "2359"]
[PlyCount "172"]
[EventDate "2014.11.14"]
[EventType "team-tourn"]
[EventRounds "9"]
[EventCountry "SLO"]
[SourceTitle "EXT 2016"]
[Source "ChessBase"]
[SourceDate "2015.10.08"]
[SourceVersion "1"]
[SourceVersionDate "2015.10.08"]
[SourceQuality "1"]
[WhiteTeam "Nova Gorica"]
[BlackTeam "Krsko Triglav"]
[WhiteTeamCountry "SLO"]
[BlackTeamCountry "SLO"]

1. d4 Nf6 2. c4 c5 3. d5 b5 4. cxb5 a6 5. bxa6 g6 6. e3 Bg7 7. Nc3 0-0 8. Nf3 d6 9. Bc4 Bxa6 10. Nd2 Nbd7 11. Bxa6 Rxa6 12. 0-0 Qa8 13. Nc4 Rb8 14. e4 Nb6 15. Ne3 Nfd7 16. Qc2 c4 17. Qe2 Ne5 18. f4 Nd3 19. Nxc4 Nxc4 20. Qxd3 Qa7+ 21. Kh1 Nxb2 22. Bxb2 Rxb2 23. Rab1 Rab6 24. Rxb2 Rxb2 25. e5 Qa3 26. Qh3 Qa6 27. Qf3 f5 28. exf6 Bxf6 29. Ne4 Rxa2 30. Nxf6+ exf6 31. Re1 Ra1 32. Qf2 Qa2 33. Kg1 Qa5 34. Kf1 Qb5+ 35. Qe2 Rxe1+ 36. Kxe1 Qb4+ 37. Qd2 Qe4+ 38. Kf2 Kf7 39. g3 h5 40. Qa5 Qd4+ 41. Kg2 Qe4+ 42. Kf2 Qc2+ 43. Kf3 g5 44. fxg5 fxg5 45. Qb5 Kf6 46. Qc6 Qd1+ 47. Kf2 Qd2+ 48. Kf1 Qd3+ 49. Kf2 Qd4+ 50. Kf1 Qe5 51. Qa8 Qf5+ 52. Kg1 Qb1+ 53. Kg2 Qc2+ 54. Kg1 Qd1+ 55. Kg2 Qd2+ 56. Kg1 Ke5 57. Qe8+ Kxd5 58. Qxh5 Qe3+ 59. Kg2 Qd2+ 60. Kf1 Qd3+ 61. Kg2 Qe4+ 62. Kg1 Qe5 63. Qf3+ Kd4 64. h4 gxh4 65. gxh4 Qe1+ 66. Kg2 Qxh4 67. Qd1+ Ke5 68. Qb3 d5 69. Qe3+ Kf5 70. Qf3+ Ke6 71. Qe3+ Kd7 72. Qa7+ Ke6 73. Qe3+ Kd6 74. Qb6+ Ke7 75. Qc5+ Ke6 76. Qe3+ Kf6 77. Qf2+ Qxf2+ 78. Kxf2 Kf5 79. Ke3 Ke5 80. Kd3 d4 81. Kd2 Ke4 82. Ke2 d3+ 83. Kd2 Kd4 84. Kd1 Ke3 85. Ke1 d2+ 86. Kd1 Kd3 1/2-1/2

[Event "SLO-chT 24th"]
[Site "Slovenia"]
[Date "2014.11.15"]
[Round "2.1"]
[White "Rusjan, Miran"]
[Black "Markoja, Boris"]
[Result "1/2-1/2"]
[WhiteElo "2237"]
[BlackElo "2335"]
[PlyCount "82"]
[EventDate "2014.11.14"]
[EventType "team-tourn"]
[EventRounds "9"]
[EventCountry "SLO"]
[SourceTitle "EXT 2016"]
[Source "ChessBase"]
[SourceDate "2015.10.08"]
[SourceVersion "1"]
[SourceVersionDate "2015.10.08"]
[SourceQuality "1"]
[WhiteTeam "Nova Gorica"]
[BlackTeam "Pomgrad Radenska"]
[WhiteTeamCountry "SLO"]
[BlackTeamCountry "SLO"]

1. d4 Nf6 2. c4 c5 3. Nf3 cxd4 4. Nxd4 Nc6 5. Nc3 d6 6. Bg5 e6 7. g3 a6 8. Bg2 Bd7 9. 0-0 Be7 10. e4 0-0 11. Be3 Rc8 12. b3 Nxd4 13. Qxd4 b5 14. cxb5 axb5 15. a4 Ng4 16. Nxb5 Bxb5 17. axb5 Bf6 18. e5 Nxe3 19. Qxe3 Bxe5 20. Rac1 Rb8 21. Bc6 Qf6 22. h4 Bd4 23. Qg5 d5 24. Qxf6 gxf6 25. Rfd1 Bb6 26. Ra1 Kg7 27. Ra4 h5 28. Kg2 f5 29. Rda1 Kf6 30. f4 Ke7 31. Ra8 Rxa8 32. Rxa8 Rxa8 33. Bxa8 f6 34. Bc6 Kf7 35. Kf1 d4 36. Ke2 e5 37. Bd7 Kg6 38. Be8+ Kh6 39. Bd7 Kg6 40. Be8+ Kg7 41. Bd7 Kg6 1/2-1/2

[Event "SLO-chT 24th"]
[Site "Slovenia"]
[Date "2014.11.14"]
[Round "1.1"]
[White "Varga, Zoltan"]
[Black "Rusjan, Miran"]
[Result "1-0"]
[WhiteElo "2470"]
[BlackElo "2237"]
[PlyCount "71"]
[EventDate "2014.11.14"]
[EventType "team-tourn"]
[EventRounds "9"]
[EventCountry "SLO"]
[SourceTitle "EXT 2016"]
[Source "ChessBase"]
[SourceDate "2015.10.08"]
[SourceVersion "1"]
[SourceVersionDate "2015.10.08"]
[SourceQuality "1"]
[WhiteTeam "Ptuj"]
[BlackTeam "Nova Gorica"]
[WhiteTeamCountry "SLO"]
[BlackTeamCountry "SLO"]

1. e4 c5 2. Nf3 e6 3. b3 d6 4. d4 cxd4 5. Nxd4 Nf6 6. f3 Be7 7. Bb2 0-0 8. c4 a6 9. Nc3 Nbd7 10. Be2 Qb6 11. Qd2 Rd8 12. 0-0-0 Nc5 13. g4 a5 14. g5 Ne8 15. Nc2 Nc7 16. h4 N7a6 17. Qd4 Bf8 18. Nb5 Bd7 19. Kb1 Nb4 20. h5 Nxc2 21. Kxc2 Bxb5 22. cxb5 a4 23. Bc4 axb3+ 24. axb3 d5 25. exd5 exd5 26. Bxd5 Qxb5 27. Qc4 Qxc4+ 28. bxc4 Ne6 29. g6 Rac8 30. Bc3 hxg6 31. hxg6 Rxd5 32. cxd5 Nc5 33. gxf7+ Kxf7 34. Rb1 Bd6 35. Rh7 Kf8 36. Rh8+ 1-0

[Event "SLO-chT"]
[Site "Slovenia"]
[Date "2013.12.14"]
[Round "8"]
[White "Justin, Matjaz"]
[Black "Rusjan, Miran"]
[Result "0-1"]
[WhiteElo "2306"]
[BlackElo "2220"]
[PlyCount "58"]
[EventDate "2013.11.22"]
[EventType "team-tourn"]
[EventRounds "9"]
[EventCountry "SLO"]
[SourceTitle "EXT 2015"]
[Source "ChessBase"]
[SourceDate "2014.11.20"]
[SourceVersion "1"]
[SourceVersionDate "2014.11.20"]
[SourceQuality "1"]
[WhiteTeam "Vrhnika"]
[BlackTeam "Nova Gorica"]
[WhiteTeamCountry "SLO"]
[BlackTeamCountry "SLO"]

1. e4 c5 2. Nf3 e6 3. d4 cxd4 4. Nxd4 a6 5. Bd3 Nc6 6. Nxc6 dxc6 7. 0-0 e5 8. b3 Qd4 9. c3 Qd8 10. Qf3 Nf6 11. Qg3 Be7 12. Ba3 0-0 13. Rd1 Re8 14. Bc2 Qc7 15. Bb2 Bg4 16. Rd2 Rad8 17. c4 Bc5 18. Bc3 Rxd2 19. Nxd2 Be2 20. Re1 Nh5 21. Qh4 Nf4 22. b4 Be7 23. Qg3 h5 24. h3 h4 25. Qe3 Bh5 26. Kh2 Bg5 27. Nf3 Bh6 28. Nxh4 Nxg2 29. Qd3 Nxh4 0-1

[Event "SLO-chT"]
[Site "Slovenia"]
[Date "2013.12.13"]
[Round "7"]
[White "Rusjan, Miran"]
[Black "Zupe, Miran"]
[Result "1/2-1/2"]
[WhiteElo "2220"]
[BlackElo "2275"]
[PlyCount "33"]
[EventDate "2013.11.22"]
[EventType "team-tourn"]
[EventRounds "9"]
[EventCountry "SLO"]
[SourceTitle "EXT 2015"]
[Source "ChessBase"]
[SourceDate "2014.11.20"]
[SourceVersion "1"]
[SourceVersionDate "2014.11.20"]
[SourceQuality "1"]
[WhiteTeam "Nova Gorica"]
[BlackTeam "Maribor Branik"]
[WhiteTeamCountry "SLO"]
[BlackTeamCountry "SLO"]

1. d4 Nf6 2. c4 e6 3. Nc3 d5 4. Bg5 Be7 5. e3 h6 6. Bh4 0-0 7. Nf3 b6 8. cxd5 exd5 9. Bd3 Bb7 10. 0-0 Nbd7 11. Rc1 Re8 12. Nb5 c6 13. Bg3 cxb5 14. Bc7 Qc8 15. Bg3 Qd8 16. Bc7 Qc8 17. Bg3 1/2-1/2

[Event "SLO-chT"]
[Site "Slovenia"]
[Date "2013.11.24"]
[Round "3"]
[White "Rusjan, Miran"]
[Black "Urbanc, Peter"]
[Result "1-0"]
[WhiteElo "2220"]
[BlackElo "2104"]
[PlyCount "71"]
[EventDate "2013.11.22"]
[EventType "team-tourn"]
[EventRounds "9"]
[EventCountry "SLO"]
[SourceTitle "EXT 2015"]
[Source "ChessBase"]
[SourceDate "2014.11.20"]
[SourceVersion "1"]
[SourceVersionDate "2014.11.20"]
[SourceQuality "1"]
[WhiteTeam "Nova Gorica"]
[BlackTeam "Triglav Krsko"]
[WhiteTeamCountry "SLO"]
[BlackTeamCountry "SLO"]

1. d4 Nf6 2. c4 c5 3. d5 b5 4. cxb5 a6 5. e3 g6 6. Nc3 Bg7 7. Nf3 0-0 8. bxa6 Nxa6 9. Bc4 d6 10. 0-0 Bf5 11. Nd2 e5 12. e4 Bd7 13. Be2 Ne8 14. Nc4 f5 15. a4 f4 16. a5 Nb4 17. Bd2 g5 18. Nb6 Rxa5 19. Rxa5 Qxb6 20. Ra3 Nf6 21. h3 Qb8 22. Qb3 h5 23. f3 g4 24. fxg4 hxg4 25. hxg4 Bxg4 26. Bxg4 Nxg4 27. Nd1 Qb5 28. Nf2 Ne3 29. Bxe3 fxe3 30. Qxe3 Nc2 31. Rb3 Qa4 32. Qh3 Nd4 33. Rb7 Ne2+ 34. Kh2 Rf6 35. Qg4 Rf7 36. Qe6 1-0

[Event "SLO-CupT"]
[Site "Ljubljana"]
[Date "2013.09.21"]
[Round "2.4"]
[White "Krzan, Peter"]
[Black "Rusjan, Miran"]
[Result "0-1"]
[WhiteElo "1531"]
[BlackElo "2218"]
[PlyCount "96"]
[EventDate "2013.09.20"]
[EventType "team-swiss"]
[EventRounds "5"]
[EventCountry "SLO"]
[SourceTitle "EXT 2019"]
[Source "ChessBase"]
[SourceDate "2018.10.10"]
[SourceVersion "1"]
[SourceVersionDate "2018.10.10"]
[SourceQuality "1"]
[WhiteTeam "Krsko Triglav"]
[BlackTeam "Nova Gorica"]
[WhiteTeamCountry "SLO"]
[BlackTeamCountry "SLO"]

1. e4 c5 2. Nf3 e6 3. d4 cxd4 4. Nxd4 a6 5. Nc3 Qc7 6. Be3 b5 7. Qd2 Bb7 8. f3 Nf6 9. 0-0-0 Bb4 10. Nde2 d5 11. Qd4 Nc6 12. Qd3 Rd8 13. Bf4 Qa5 14. exd5 Nxd5 15. Nxd5 Rxd5 16. Qb3 Rxd1+ 17. Kxd1 0-0 18. c3 Rd8+ 19. Kc1 Bc5 20. Ng3 Qb6 21. Kb1 Be3 22. Bxe3 Qxe3 23. Be2 h5 24. c4 Qxb3 25. axb3 Nd4 26. Bd1 h4 27. Ne2 h3 28. Nxd4 hxg2 29. Rg1 Rxd4 30. Kc2 bxc4 31. bxc4 Rxc4+ 32. Kd3 Rc1 33. Kd2 Rb1 34. Kc2 Ra1 35. Rxg2 Rxd1 36. Rxg7+ Kxg7 37. Kxd1 Bxf3+ 38. Ke1 f5 39. Kf2 Bc6 40. Ke3 e5 41. b3 Kf6 42. h4 f4+ 43. Kf2 e4 44. b4 Kf5 45. h5 Kg5 46. b5 Bxb5 47. h6 Kxh6 48. Ke1 e3 0-1

[Event "SLO-ch 23rd"]
[Site "Sentjur"]
[Date "2013.04.11"]
[Round "6"]
[White "Bratkovic, Jakob"]
[Black "Rusjan, Miran"]
[Result "0-1"]
[WhiteElo "1949"]
[BlackElo "2212"]
[PlyCount "76"]
[EventDate "2013.04.06"]
[EventType "swiss"]
[EventRounds "9"]
[EventCountry "SLO"]
[SourceTitle "CBM 153 Extra"]
[Source "ChessBase"]
[SourceDate "2013.04.22"]
[SourceVersion "1"]
[SourceVersionDate "2013.04.22"]
[SourceQuality "1"]

1. e4 c5 2. Nf3 e6 3. d4 cxd4 4. Nxd4 a6 5. c4 Nf6 6. Nc3 Bb4 7. Bd2 Qc7 8. a3 Be7 9. Be3 d6 10. Be2 Nbd7 11. 0-0 b6 12. Rc1 Bb7 13. f3 Rc8 14. b4 0-0 15. Nb3 Qb8 16. Qd2 Bd8 17. Kh1 Ne5 18. Na4 Bc6 19. b5 Be8 20. Rfd1 Nxc4 21. Bxc4 axb5 22. Bxb5 Rxc1 23. Nxc1 Bxb5 24. Nc3 Bc4 25. Qxd6 Qxd6 26. Rxd6 b5 27. Rc6 Ba5 28. N1e2 Nd7 29. Ra6 Bd8 30. Ra7 Bb6 31. Bxb6 Nxb6 32. Rb7 Nc8 33. Nd4 f5 34. Ndxb5 fxe4 35. Nxe4 Bd5 36. Nc5 Bxb7 37. Nxb7 Rf7 38. Nc5 Rf5 0-1

[Event "SLO-ch 23rd"]
[Site "Sentjur"]
[Date "2013.04.10"]
[Round "5"]
[White "Rusjan, Miran"]
[Black "Beliavsky, Alexander G"]
[Result "0-1"]
[WhiteElo "2212"]
[BlackElo "2637"]
[PlyCount "64"]
[EventDate "2013.04.06"]
[EventType "swiss"]
[EventRounds "9"]
[EventCountry "SLO"]
[SourceTitle "CBM 153 Extra"]
[Source "ChessBase"]
[SourceDate "2013.04.22"]
[SourceVersion "1"]
[SourceVersionDate "2013.04.22"]
[SourceQuality "1"]

1. d4 f5 2. Nf3 Nf6 3. g3 g6 4. Bg2 Bg7 5. 0-0 0-0 6. c4 d6 7. Nc3 Qe8 8. d5 Na6 9. Qc2 c6 10. Rd1 Bd7 11. Be3 Ng4 12. Bd4 Bh6 13. h3 c5 14. hxg4 fxg4 15. Nh2 cxd4 16. Rxd4 Bg7 17. Rdd1 Qf7 18. e3 Rac8 19. Qe2 Be5 20. Rac1 h5 21. Rf1 Qg7 22. Ne4 b6 23. b3 Bf5 24. a3 Nc5 25. Nxc5 bxc5 26. b4 Bb2 27. Rcd1 a6 28. bxc5 Rxc5 29. e4 Bd7 30. Rd2 Bc3 31. Rc2 Rfc8 32. Rfc1 Rxc4 0-1

[Event "SLO-ch 23rd"]
[Site "Sentjur"]
[Date "2013.04.08"]
[Round "3"]
[White "Rusjan, Miran"]
[Black "Lenic, Luka"]
[Result "0-1"]
[WhiteElo "2212"]
[BlackElo "2617"]
[PlyCount "80"]
[EventDate "2013.04.06"]
[EventType "swiss"]
[EventRounds "9"]
[EventCountry "SLO"]
[SourceTitle "CBM 153 Extra"]
[Source "ChessBase"]
[SourceDate "2013.04.22"]
[SourceVersion "1"]
[SourceVersionDate "2013.04.22"]
[SourceQuality "1"]

1. d4 d5 2. c4 e6 3. Nc3 Bb4 4. e3 Nf6 5. Nf3 0-0 6. Qb3 c5 7. dxc5 Nc6 8. a3 Bxc5 9. Be2 Na5 10. Qa2 Nxc4 11. Bxc4 dxc4 12. Qxc4 b6 13. b4 Bd6 14. 0-0 Bb7 15. Bb2 Rc8 16. Qh4 Nd5 17. Qxd8 Rfxd8 18. Nxd5 Bxd5 19. Rac1 f6 20. Rxc8 Rxc8 21. Rc1 Rd8 22. Nd4 Rd7 23. Nb5 Be7 24. f4 Kf7 25. Bd4 Be4 26. Nc3 Bb7 27. Rc2 Bd6 28. Nb5 Bb8 29. Bc3 Bc6 30. Nd4 Be4 31. Rd2 Ke7 32. Kf2 e5 33. fxe5 Bxe5 34. g3 Rc7 35. Bb2 Rc8 36. Ke1 h5 37. Rf2 g5 38. Nf5+ Bxf5 39. Bxe5 Rc1+ 40. Kd2 Rc2+ 0-1

[Event "SLO-ch 23rd"]
[Site "Sentjur"]
[Date "2013.04.06"]
[Round "1.15"]
[White "Rusjan, Miran"]
[Black "Amon, Nejc"]
[Result "1-0"]
[WhiteElo "2212"]
[BlackElo "1790"]
[PlyCount "85"]
[EventDate "2013.04.06"]
[EventType "swiss"]
[EventRounds "9"]
[EventCountry "SLO"]
[SourceTitle "CBM 153 Extra"]
[Source "ChessBase"]
[SourceDate "2013.04.22"]
[SourceVersion "1"]
[SourceVersionDate "2013.04.22"]
[SourceQuality "1"]

1. d4 Nf6 2. c4 c5 3. Nf3 cxd4 4. Nxd4 Nc6 5. Nc3 g6 6. g3 Bg7 7. Bg2 0-0 8. 0-0 Qb6 9. Nb3 Qb4 10. c5 Na5 11. Nxa5 Qxa5 12. Na4 Rd8 13. Bd2 Qb5 14. Qb3 Qxe2 15. Bf4 Qe6 16. Rfe1 Qxb3 17. axb3 Re8 18. Nb6 axb6 19. Rxa8 bxc5 20. Rb8 Kf8 21. Bxb7 Bxb7 22. Rxb7 d6 23. Rexe7 Rxe7 24. Bxd6 Nd7 25. Rxd7 Bf6 26. Bxc5 Ke8 27. Bxe7 Bxe7 28. Rb7 Bf6 29. b4 Bxb2 30. b5 Bd4 31. g4 h6 32. b6 f6 33. Rg7 Bxb6 34. Rxg6 Kf7 35. Rxh6 Kg7 36. Rh5 Kg6 37. Kg2 Bc7 38. h4 Bd6 39. Rd5 Bc7 40. Kf3 Bb8 41. Ke4 Bc7 42. h5+ Kh6 43. Kf5 1-0

[Event "SLO-chT 22th"]
[Site "Ljubljana"]
[Date "2012.12.07"]
[Round "8"]
[White "Rusjan, Miran"]
[Black "Mohr, Georg"]
[Result "0-1"]
[WhiteElo "2204"]
[BlackElo "2483"]
[PlyCount "67"]
[EventDate "2012.11.23"]
[EventType "team-tourn"]
[EventRounds "9"]
[EventCountry "SLO"]
[SourceTitle "CBM 151 Extra"]
[Source "ChessBase"]
[SourceDate "2012.12.18"]
[SourceVersion "1"]
[SourceVersionDate "2012.12.18"]
[SourceQuality "1"]
[WhiteTeam "Nova Gorica"]
[BlackTeam "Maribor ZSK"]
[WhiteTeamCountry "SLO"]
[BlackTeamCountry "SLO"]

1. d4 Nf6 2. c4 g6 3. Nc3 Bg7 4. e4 0-0 5. f3 Nc6 6. d5 Nb8 7. Nh3 c6 8. Be3 cxd5 9. cxd5 d6 10. Nf2 e6 11. Be2 Qe7 12. 0-0 exd5 13. Bg5 dxe4 14. Nd5 Qe5 15. Bxf6 Bxf6 16. f4 Qxb2 17. Rb1 Qd4 18. Qxd4 Bxd4 19. Nc7 Nc6 20. Nxa8 d5 21. Nc7 Rd8 22. Rfd1 a6 23. Kf1 Kf8 24. a4 Ke7 25. Na8 f5 26. Nb6 Be6 27. a5 Be3 28. g3 Nxa5 29. Na4 b5 30. Nb2 Nb3 31. Kg2 d4 32. Bf1 Rc8 33. Re1 Bd5 34. Nfd1 0-1

[Event "SLO-chT 22th"]
[Site "Ljubljana"]
[Date "2012.12.02"]
[Round "6"]
[White "Praznik, Niko"]
[Black "Rusjan, Miran"]
[Result "0-1"]
[WhiteElo "2294"]
[BlackElo "2204"]
[PlyCount "76"]
[EventDate "2012.11.23"]
[EventType "team-tourn"]
[EventRounds "9"]
[EventCountry "SLO"]
[SourceTitle "CBM 151 Extra"]
[Source "ChessBase"]
[SourceDate "2012.12.18"]
[SourceVersion "1"]
[SourceVersionDate "2012.12.18"]
[SourceQuality "1"]
[WhiteTeam "Vrhnika"]
[BlackTeam "Nova Gorica"]
[WhiteTeamCountry "SLO"]
[BlackTeamCountry "SLO"]

1. c4 Nf6 2. g3 c6 3. Nf3 d5 4. b3 g6 5. Bb2 Bg7 6. Bg2 0-0 7. 0-0 Re8 8. d4 Ne4 9. Nbd2 f5 10. Nxe4 dxe4 11. Ne5 Bxe5 12. dxe5 Qxd1 13. Rfxd1 Be6 14. Rd2 a5 15. g4 e3 16. fxe3 fxg4 17. a4 Nd7 18. Bd4 Rf8 19. Be4 Kg7 20. Rad1 h5 21. Bc2 h4 22. Bc3 Nb6 23. Bb2 Rae8 24. Be4 Rh8 25. Kg2 Ref8 26. Ba3 Nc8 27. Rh1 Rf7 28. Rf1 h3+ 29. Kg1 Rxf1+ 30. Kxf1 g3 31. hxg3 h2 32. Bh1 Bh3+ 33. Ke1 Rf8 34. Rd1 Rf1+ 35. Kd2 Rg1 36. e4 Rxg3 37. e3 Rg1 38. Re1 Bg2 0-1

[Event "SLO-chT 22th"]
[Site "Ljubljana"]
[Date "2012.12.01"]
[Round "5"]
[White "Rusjan, Miran"]
[Black "Ivanec, Dezider"]
[Result "1-0"]
[WhiteElo "2204"]
[BlackElo "2191"]
[PlyCount "69"]
[EventDate "2012.11.23"]
[EventType "team-tourn"]
[EventRounds "9"]
[EventCountry "SLO"]
[SourceTitle "CBM 151 Extra"]
[Source "ChessBase"]
[SourceDate "2012.12.18"]
[SourceVersion "1"]
[SourceVersionDate "2012.12.18"]
[SourceQuality "1"]
[WhiteTeam "Nova Gorica"]
[BlackTeam "Lendava Rokada"]
[WhiteTeamCountry "SLO"]
[BlackTeamCountry "SLO"]

1. d4 Nf6 2. c4 e6 3. Nc3 Bb4 4. Qc2 Nc6 5. Nf3 0-0 6. a3 Bxc3+ 7. Qxc3 Ne4 8. Qc2 f5 9. g3 d6 10. Bg2 Qf6 11. Be3 Ne7 12. 0-0 Bd7 13. Nd2 Nxd2 14. Qxd2 Ng6 15. Bg5 Qf7 16. Bxb7 h6 17. Bxa8 Rxa8 18. Be3 Re8 19. f4 Bc6 20. Rac1 Be4 21. d5 exd5 22. cxd5 Bxd5 23. b4 Qe6 24. Bxa7 Qe4 25. Rf3 c6 26. Qe3 Nf8 27. Qxe4 Bxe4 28. Rfc3 g5 29. Be3 Ne6 30. a4 d5 31. Rxc6 d4 32. Rc8 Rxc8 33. Rxc8+ Kf7 34. Bd2 gxf4 35. Bxf4 1-0

[Event "SLO-chT 22th"]
[Site "Ljubljana"]
[Date "2012.11.24"]
[Round "2"]
[White "Rifelj, Luka"]
[Black "Rusjan, Miran"]
[Result "1/2-1/2"]
[WhiteElo "1881"]
[BlackElo "2204"]
[PlyCount "173"]
[EventDate "2012.11.23"]
[EventType "team-tourn"]
[EventRounds "9"]
[EventCountry "SLO"]
[SourceTitle "CBM 151 Extra"]
[Source "ChessBase"]
[SourceDate "2012.12.18"]
[SourceVersion "1"]
[SourceVersionDate "2012.12.18"]
[SourceQuality "1"]
[WhiteTeam "Novo Mesto Krka"]
[BlackTeam "Nova Gorica"]
[WhiteTeamCountry "SLO"]
[BlackTeamCountry "SLO"]

1. d4 Nf6 2. c4 e6 3. Nf3 c5 4. d5 exd5 5. cxd5 d6 6. Nc3 g6 7. e4 Bg7 8. Be2 0-0 9. 0-0 a6 10. a4 Bg4 11. Re1 Bxf3 12. Bxf3 Nbd7 13. Bf4 Qc7 14. Rc1 Ne5 15. Be2 Nfd7 16. Be3 f5 17. exf5 gxf5 18. f4 Nf7 19. Bd3 Nh6 20. h3 Rae8 21. Bf2 Kh8 22. Re6 Nf6 23. Qf3 Rxe6 24. dxe6 Re8 25. Bc4 Qc6 26. Rd1 Qxf3 27. gxf3 Bf8 28. Bh4 Nhg8 29. Re1 Be7 30. Bd3 Nh5 31. Bxe7 Nxe7 32. Ne2 Kg7 33. Kf2 Kf6 34. Bc2 b5 35. axb5 axb5 36. Nc3 Rb8 37. Ne2 Nd5 38. Rd1 Nb4 39. Bb1 Kxe6 40. Rg1 Kf6 41. Rg5 Ng7 42. Ng3 h6 43. Nh5+ Nxh5 44. Rxf5+ Kg7 45. Rxh5 Ra8 46. Rh4 Ra1 47. Rg4+ Kf8 48. Rg1 d5 49. Re1 d4 50. Bf5 Rxe1 51. Kxe1 Nd5 52. Bd7 Nxf4 53. Bxb5 Nxh3 54. Bf1 Nf4 55. Kf2 Ke7 56. Kg3 Nd5 57. b3 Kf6 58. f4 Nc3 59. Bd3 Na2 60. Kf2 Nb4 61. Be4 h5 62. Kf3 Na2 63. Bd3 Nc1 64. Bc4 Kf5 65. Bg8 h4 66. Bh7+ Kf6 67. Bc2 d3 68. Bd1 Kf5 69. Ke3 h3 70. Bf3 h2 71. Be4+ Kg4 72. f5 Nxb3 73. Kxd3 Kf4 74. Bh1 Kxf5 75. Kc4 Nc1 76. Kxc5 Kf4 77. Kd4 Ne2+ 78. Kd3 Ng1 79. Kd2 Kg3 80. Ke3 Nh3 81. Ke2 Nf2 82. Bb7 Ng4 83. Bh1 Ne5 84. Be4 Kf4 85. Bh1 Ng4 86. Kf1 Kg3 87. Ke2 1/2-1/2

[Event "SLO-chT 22th"]
[Site "Ljubljana"]
[Date "2012.11.23"]
[Round "1"]
[White "Cigan, Stefan"]
[Black "Rusjan, Miran"]
[Result "1-0"]
[WhiteElo "2374"]
[BlackElo "2204"]
[PlyCount "69"]
[EventDate "2012.11.23"]
[EventType "team-tourn"]
[EventRounds "9"]
[EventCountry "SLO"]
[SourceTitle "CBM 151 Extra"]
[Source "ChessBase"]
[SourceDate "2012.12.18"]
[SourceVersion "1"]
[SourceVersionDate "2012.12.18"]
[SourceQuality "1"]
[WhiteTeam "Radenska Pomgrad"]
[BlackTeam "Nova Gorica"]
[WhiteTeamCountry "SLO"]
[BlackTeamCountry "SLO"]

1. e4 c5 2. Nf3 e6 3. d4 cxd4 4. Nxd4 a6 5. Bd3 Nc6 6. Nxc6 dxc6 7. 0-0 e5 8. Nd2 Nf6 9. Nc4 Qc7 10. f4 Bc5+ 11. Kh1 Ng4 12. fxe5 Be6 13. Qe1 0-0-0 14. Bf4 Bd4 15. Qg3 h5 16. Nd6+ Kb8 17. Nf5 Bxe5 18. Nxg7 h4 19. Qf3 Nxh2 20. Kxh2 Ka8 21. Nf5 Qa5 22. Bxe5 Qxe5+ 23. Qf4 Qxb2 24. Rab1 Qa3 25. Rb6 Qc5 26. Qf2 Qe5+ 27. Kh1 h3 28. g3 Bxf5 29. exf5 Rd4 30. Kh2 Rg8 31. Rfb1 Rdg4 32. Rxb7 c5 33. Qf3 Qxg3+ 34. Qxg3 Rxg3 35. Be4 1-0

[Event "SLO-chT Cup"]
[Site "Ljubljana"]
[Date "2012.09.15"]
[Round "2.33"]
[White "Rusjan, Miran"]
[Black "Tomasev, Nenad"]
[Result "1-0"]
[WhiteElo "2191"]
[BlackElo "2049"]
[PlyCount "61"]
[EventDate "2012.09.14"]
[EventType "team-swiss"]
[EventRounds "5"]
[EventCountry "SLO"]
[SourceTitle "EXT 2015"]
[Source "ChessBase"]
[SourceDate "2014.11.20"]
[SourceVersion "1"]
[SourceVersionDate "2014.11.20"]
[SourceQuality "1"]
[WhiteTeam "Nova Gorica"]
[BlackTeam "Komenda"]
[WhiteTeamCountry "SLO"]
[BlackTeamCountry "SLO"]

1. d4 d5 2. c4 Nc6 3. Bf4 Bf5 4. Nc3 e6 5. Nf3 Bb4 6. e3 Nge7 7. Be2 dxc4 8. Bxc4 Nd5 9. Bxd5 exd5 10. 0-0 0-0 11. Qb3 Bd3 12. Rfc1 Bc4 13. Qc2 Bd6 14. b3 Nb4 15. Qd2 Ba6 16. Bxd6 Qxd6 17. Na4 b6 18. Nc5 bxc5 19. dxc5 Qf6 20. Qxb4 c6 21. Qc3 Qe7 22. a4 Bc8 23. b4 Rb8 24. Nd4 Qb7 25. b5 cxb5 26. axb5 Be6 27. c6 Qc7 28. Qa5 Qe7 29. Qxa7 Qg5 30. Qc7 Rfc8 31. Qd6 1-0

[Event "SLO-chT 20th"]
[Site "Gostovanja"]
[Date "2010.10.30"]
[Round "5"]
[White "Supancic, Darko"]
[Black "Rusjan, Miran"]
[Result "1-0"]
[WhiteElo "2354"]
[BlackElo "2205"]
[PlyCount "111"]
[EventDate "2010.05.15"]
[EventType "team-tourn"]
[EventRounds "9"]
[EventCountry "SLO"]
[SourceTitle "EXT 2020"]
[Source "ChessBase"]
[SourceDate "2019.10.17"]
[SourceVersion "1"]
[SourceVersionDate "2019.10.17"]
[SourceQuality "1"]
[WhiteTeam "Maribor Branik"]
[BlackTeam "Nova Gorica"]
[WhiteTeamCountry "SLO"]
[BlackTeamCountry "SLO"]

1. Nf3 Nf6 2. g3 e6 3. Bg2 c5 4. 0-0 Be7 5. d3 0-0 6. e4 d6 7. Nbd2 Nc6 8. Re1 Qc7 9. c3 Bd7 10. a3 Rac8 11. b4 cxb4 12. axb4 a5 13. b5 Ne5 14. Nxe5 dxe5 15. c4 Rfd8 16. Nf3 Be8 17. Qe2 Nd7 18. Bb2 f6 19. Red1 b6 20. h4 Nc5 21. Bh3 Bf7 22. Rab1 Qb7 23. g4 Kh8 24. Qe3 Bg6 25. g5 Nxd3 26. gxf6 gxf6 27. Rxd3 Rxd3 28. Qxd3 Bxe4 29. Qe3 Bc5 30. Qh6 Rg8+ 31. Kh2 Rg6 32. Qd2 Bxf3 33. Qd8+ Kg7 34. Bxe6 Bxf2 35. Bd5 Rg2+ 36. Kh3 Rg3+ 37. Kh2 Rg2+ 38. Kh3 Bxd5 39. cxd5 Rg3+ 40. Kh2 Rd3 41. Bxe5 Bg3+ 42. Bxg3 Rxd5 43. Qc7+ Qxc7 44. Bxc7 a4 45. Bxb6 a3 46. Bf2 a2 47. Rg1+ Kh6 48. b6 Rb5 49. Ra1 Rb2 50. Kg3 Kh5 51. Kf3 f5 52. Bd4 Rb4 53. Ke3 f4+ 54. Kd3 f3 55. Rxa2 Kxh4 56. Rb2 1-0